000 00768cam a2200205 i 4500
005 20251110124232.0
008 250721s2000 xx 000 0 ara d
082 1 4 _a213
_bخ ل ف
100 1 _aالخلف، عواد حسين
_eمؤلف.
245 1 0 _aروايات المدلسين في صحيح مسلم :
_bجمعها- تخريجها - الكلام عليها /
_cكتبه عواد حسين خلف.
250 _aالطبعة الاولى.
264 1 _aبيروت :
_bدار البشائرالإسلامية،
_c2000.
300 _a559 صفحة.
650 1 7 _aالحديث الشريف.
650 1 7 _aالحديث المدلس.
650 1 7 _aالحديث المضغن.
650 1 7 _aصحيح مسلم.
942 _2ddc
_cREF
999 _c26328
_d26328